000 00652nam a2200229Ia 4500
001 5720
003 GE_BSU
008 181216s||||||||xx |||||||||||||| ||und||
040 _cGE_BSU
080 _a519.21(075.8)
100 _aВентцель, Е. С.
245 _aТеория вероятностей
245 _bучебник для вузов
245 _cРед. С.А.Широкова
250 _aизд.2-е перер. идоп.
260 _aМосква
260 _bГосиздат физ-мат лит-ры
260 _c1962.
300 _a564 с.22см
653 _aТеория вероятностей
942 _cBK
999 _c39137
_d39137